000
00339nam a22001577a 4500
003
SGT
020
_a
9789350355602
082
_a
346.08,GUP
100
_a
GUPTA,S.N.
245
_a
DISHONOUR OF CHEQUES
250
_a
8TH
260
_a
NEW DLHI
_b
UNIVERSAL LAW
_c
2015
300
_a
432
650
_a
DISHONOUR OF CHEQUES
942
_2
ddc
_c
BK
999
_c
10983
_d
10983